University success GCC intermediate writing. Student book & student MyEnglishLab / (Record no. 6569)
[ view plain ]
| 000 -LEADER | |
|---|---|
| fixed length control field | 00557nam a22001817a 4500 |
| 003 - CONTROL NUMBER IDENTIFIER | |
| control field | OSt |
| 005 - DATE AND TIME OF LATEST TRANSACTION | |
| control field | 20240307073340.0 |
| 008 - FIXED-LENGTH DATA ELEMENTS--GENERAL INFORMATION | |
| fixed length control field | 240307b |||||||| |||| 00| 0 eng d |
| 020 ## - INTERNATIONAL STANDARD BOOK NUMBER | |
| International Standard Book Number | 9781292301730 |
| 040 ## - CATALOGING SOURCE | |
| Transcribing agency | n |
| 082 ## - DEWEY DECIMAL CLASSIFICATION NUMBER | |
| Classification number | 425 D137 2020 |
| 100 ## - MAIN ENTRY--PERSONAL NAME | |
| Personal name | Dalby, Kristin |
| 245 ## - TITLE STATEMENT | |
| Title | University success GCC intermediate writing. Student book & student MyEnglishLab / |
| Statement of responsibility, etc. | Kristin Dalby (Author), Tim Dalby (Author) |
| 260 ## - PUBLICATION, DISTRIBUTION, ETC. | |
| Name of publisher, distributor, etc. | Pearson Education, Harlow, 2020 |
| 300 ## - PHYSICAL DESCRIPTION | |
| Extent | 450 pages, 24 cm. |
| 650 ## - SUBJECT ADDED ENTRY--TOPICAL TERM | |
| Geographic subdivision | English language Rhetoric |
| 942 ## - ADDED ENTRY ELEMENTS (KOHA) | |
| Source of classification or shelving scheme | Dewey Decimal Classification |
| Koha item type | English Book |
| Suppress in OPAC | No |
| Withdrawn status | Lost status | Source of classification or shelving scheme | Damaged status | Not for loan | Home library | Current library | Date acquired | Total Checkouts | Full call number | Barcode | Date last seen | Price effective from | Koha item type |
|---|---|---|---|---|---|---|---|---|---|---|---|---|---|
| Dewey Decimal Classification | CENTRAL | CENTRAL | 03/19/2024 | 425 D137 2020 | 1000000015800 | 03/19/2024 | 03/19/2024 | English Book |
